000 01014cam a2200253 4500
008 #DATE n2004 000 0 eng u
020 _a0750658649
035 _a(Sirsi) u123095
041 _aeng
050 _a692.5
_c18
100 _aBrook, Martin
245 _aEstimating and tendering for construction work
250 _a3rd ed
260 _aOxford
_bElsevier
_c2004
300 _axvii,310p. : ill. ; 25cm.
350 _a22.99
520 _aThe task of the estimator is explained in detail at every key stage from early cost studies, through the preparation of the estimate, to the creation of budgets for successful tenders. Each step is illustrated with examples and notes, and appropriate technical documentation. This is a practical approach to estimating from the contractor's point of view.
520 _aSuperseded by 4th edition (ISBN 9780750686167).
650 _aESTIMATING
650 _aProcurement-old
650 _aTENDERING
690 _aQuantity surveying
_96263
942 _n0
999 _c103000
_d103000